LEADER 02848nam 2200649 450 001 9910462999303321 005 20200520144314.0 010 $a1-317-16717-1 010 $a1-317-16716-3 010 $a1-4094-5185-2 035 $a(CKB)2670000000493360 035 $a(EBL)1564283 035 $a(OCoLC)863824681 035 $a(SSID)ssj0001060707 035 $a(PQKBManifestationID)11634095 035 $a(PQKBTitleCode)TC0001060707 035 $a(PQKBWorkID)11105906 035 $a(PQKB)11622831 035 $a(MiAaPQ)EBC1564283 035 $a(Au-PeEL)EBL1564283 035 $a(CaPaEBR)ebr10802616 035 $a(CaONFJC)MIL924830 035 $a(EXLCZ)992670000000493360 100 $a20130412h20142014 uy| 0 101 0 $aeng 135 $aur|n|---||||| 181 $ctxt 182 $cc 183 $acr 200 10$aChina's naval power $ean offensive realist approach /$fYves-Heng Lim 210 1$aFarnham, Surrey, UK England :$cAshgate Pub. Limited,$d[2014] 210 4$dİ2014 215 $a1 online resource (234 p.) 225 0$aCorbett Centre for Maritime Policy Studies series 300 $aDescription based upon print version of record. 311 $a1-4094-5184-4 320 $aIncludes bibliographical references and index. 327 $aNaval power and the quest for regional hegemony -- China's rise in East Asia: the political context of Beijing's bid for regional hegemony -- The offensive turn of China's naval strategy and doctrine -- The modernization of Chinese naval forces -- Taiwan and beyond -- Territorial and maritime issues in the China seas -- The great naval chessboard: sea power and the Chinese quest for hegemony -- Conclusion, (Not) born to be blue? 330 $aThe rapid modernization of the Chinese Navy is a well-documented reality of the post-Cold War world. This book makes sense of Chinese priorities in its naval modernization and argues that the orientation of Beijing's choices concerning its naval forces can essentially be explained by China's position as a potential regional hegemony. Lim highlights how a rising state develops naval power to fulfil its security objectives, a theoretical perspective that goes further than the sole Chinese case. 410 0$aCorbett Centre for Maritime Policy Studies Series 606 $aSea-power$zChina 606 $aNaval strategy$zChina 607 $aChina$xMilitary policy 607 $aChina$xStrategic aspects 607 $aPacific Area$xStrategic aspects 608 $aElectronic books. 615 0$aSea-power 615 0$aNaval strategy 676 $a359/.030951 700 $aLim$b Yves-Heng$f1979-$0851029 801 0$bMiAaPQ 801 1$bMiAaPQ 801 2$bMiAaPQ 906 $aBOOK 912 $a9910462999303321 996 $aChina's naval power$91900168 997 $aUNINA LEADER 01571oam 2200397Ia 450 001 9910698131703321 005 20090430142748.0 035 $a(CKB)5470000002395666 035 $a(OCoLC)316803263 035 $a(EXLCZ)995470000002395666 100 $a20090323d2009 ua 0 101 0 $aeng 135 $aurbn||||||||| 181 $ctxt$2rdacontent 182 $cc$2rdamedia 183 $acr$2rdacarrier 200 00$aGuidance for industry$b[electronic resource] $eQ4B evaluation and recommendation of pharmacopoeial texts for use in the ICH regions : annex 2 test for extractable volume of parenteral preparations general chapter 210 1$aSilver Spring, MD :$cU.S. Dept. of Health and Human Services, Food and Drug Administration, Center for Drug Evaluation and Research (CDER) ;$aRockville, MD :$cCenter for Biologics Evaluation and Research (CBER),$d[2009] 215 $ai, 3 pages $cdigital, PDF file 300 $aTitle from PDF title page (viewed on Mar. 23, 2009). 300 $a"ICH." 300 $a"January 2009." 320 $aIncludes bibliographical references (page 3). 517 $aGuidance for industry 606 $aParenteral therapy 615 0$aParenteral therapy. 712 02$aCenter for Drug Evaluation and Research (U.S.) 712 02$aCenter for Biologics Evaluation and Research (U.S.) 712 12$aInternational Conference on Harmonisation. 801 0$bGPO 801 1$bGPO 801 2$bGPO 906 $aBOOK 912 $a9910698131703321 996 $aGuidance for industry$93434577 997 $aUNINA